Polymers for advanced technologies /

Saved in:
Bibliographic Details
Corporate Author: International Symposium on Polymers for Advanced Technologies Jerusalem, Israel
Other Authors: Lewin, Menachem, 1918-
Format: Conference Proceeding Book
Language:English
Published: New York, N.Y. : VCH, c1988.
Subjects:
LEADER 01267cam a2200289 a 4500
001 c000224328
003 CARM
005 20061009141205.0
008 880205s1988 nyua b 101 0 eng
010 |a 88000177 
019 1 |a 5742154  |z 47903610  |5 LACONCORD2021 
020 |a 0895732939 
035 |a (OCoLC)17550744  |5 LACONCORD2021 
040 |a DLC  |b eng  |c DLC  |d DLC  |d LC 
050 0 0 |a QD381.7  |b .I58 1987 
082 0 0 |a 547.8/4  |2 19 
111 2 |a International Symposium on Polymers for Advanced Technologies  |d (1987 :  |c Jerusalem, Israel) 
245 1 0 |a Polymers for advanced technologies /  |c [volume edited by Menachem Lewin]. 
260 |a New York, N.Y. :  |b VCH,  |c c1988. 
300 |a xvi, 953 p. :  |b ill. ;  |c 25 cm. 
500 |a "Invited lectures and selected contributed papers presented at the International Symposium on Polymers for Advanced Technologies, held in Jerusalem, Israel, August 16-21, 1987." 
504 |a Includes bibliographies and index. 
650 0 |a Polymers  |v Congresses. 
700 1 |a Lewin, Menachem,  |d 1918- 
852 8 |b CARM  |h A2:AN10G0  |i C08361  |p 0314699  |f BK 
999 f f |i 0b81857e-7784-57c4-8c3c-f8577099c4dd  |s 896e02c0-a738-5647-a059-278682c7bd5f 
952 f f |p Can circulate  |a CAVAL  |b CAVAL  |c CAVAL  |d CARM 1 Store  |e C08361  |f A2:AN10G0  |h Other scheme  |i book  |m 0314699